[Event "Titled Tuesday intern op 03rd Jan Late"]
[Site "Chess.com INT"]
[Date "2025.06.03"]
[Round "4"]
[White "Sairam, Pranav"]
[Black "Ivashentseva, Dominika"]
[Result "0-1"]
[WhiteElo "2015"]
[BlackElo "1921"]
[PlyCount "52"]
[EventDate "2025.06.03"]
[EventType "swiss (blitz)"]
[EventRounds "11"]
[EventCountry "USA"]
[SourceTitle "CB24_2025"]
[SourceDate "2025.06.11"]
[SourceVersion "1"]
[SourceVersionDate "2025.06.11"]
[SourceQuality "1"]

1. Nf3 d5 2. b3 Nf6 3. Bb2 c5 4. e3 Nc6 5. d4 e6 6. Nbd2 Be7 7. Bd3 b6 8. 0-0 0-0 9. Ne5 Bb7 10. f4 cxd4 11. exd4 Nxe5 12. fxe5 Ne4 13. Qe2 Nxd2 14. Qxd2 f5 15. exf6 Bxf6 16. Rae1 Qd6 17. Qe2 Rae8 18. Rf3 Rf7 19. Rh3 g6 20. Rf1 Bc8 21. Rh6 Qf8 22. Qd2 Qg7 23. c4 Bxd4+ 24. Bxd4 Qxd4+ 25. Rf2 Rxf2 26. Qxf2 Qxd3 0-1

[Event "Titled Tuesday intern op 25th Feb Early"]
[Site "Chess.com INT"]
[Date "2025.02.25"]
[Round "7"]
[White "Ivashentseva, Dominika"]
[Black "Paramzina, Anastasya"]
[Result "0-1"]
[WhiteElo "1869"]
[BlackElo "2133"]
[PlyCount "152"]
[EventDate "2025.02.25"]
[EventType "swiss (blitz)"]
[EventRounds "11"]
[EventCountry "USA"]
[SourceTitle "CB10_2025"]
[SourceDate "2025.03.05"]
[SourceVersion "1"]
[SourceVersionDate "2025.03.05"]
[SourceQuality "1"]

1. d4 Nf6 2. c4 g6 3. Nc3 d5 4. cxd5 Nxd5 5. Bd2 Bg7 6. e4 Nxc3 7. Bxc3 Nd7 8. Nf3 0-0 9. Be2 e6 10. 0-0 b6 11. d5 exd5 12. Bxg7 Kxg7 13. Qxd5 Rb8 14. Rad1 Qe7 15. Qd4+ Kg8 16. Bb5 Nc5 17. Rfe1 Bg4 18. Qe3 Rbd8 19. Bc6 Rd6 20. Rxd6 Qxd6 21. Bd5 Be6 22. Bxe6 Nxe6 23. h3 Rd8 24. Rc1 c5 25. a3 Qd3 26. Re1 Qxe3 27. Rxe3 Nf4 28. Ne5 Rd1+ 29. Kh2 Rd2 30. Rf3 g5 31. g3 Ng6 32. Nxg6 hxg6 33. b3 Kg7 34. Kg2 Ra2 35. a4 Rd2 36. Re3 Kf6 37. Kf3 Ke5 38. g4 f6 39. Kg3 Rd1 40. h4 gxh4+ 41. Kxh4 Kf4 42. Kh3 Rd2 43. Kg2 Kxg4 44. Rg3+ Kh5 45. Rh3+ Kg5 46. Rg3+ Kh6 47. Rh3+ Kg7 48. Rf3 Kf7 49. e5 f5 50. Re3 Ke6 51. Kf3 g5 52. b4 cxb4 53. Rb3 a5 54. Ke3 Rd5 55. f4 gxf4+ 56. Kxf4 Rxe5 57. Rh3 Re4+ 58. Kg5 f4 59. Rh6+ Kd5 60. Rxb6 f3 61. Rb5+ Kc4 62. Rxa5 b3 63. Rf5 Re3 64. Rf4+ Kc3 65. a5 b2 66. a6 b1Q 67. a7 Qb5+ 68. Rf5 Qb7 69. Kf6 Re8 70. Rd5 Qxd5 71. Kg7 Qd7+ 72. Kg6 Qd5 73. a8Q Rxa8 74. Kf6 Ra6+ 75. Kg7 Qb7+ 76. Kf8 Ra8# 0-1

[Event "Titled Tuesday intern op 07th Jan Early"]
[Site "Chess.com INT"]
[Date "2025.01.07"]
[Round "5"]
[White "Ionescu, Mihai"]
[Black "Ivashentseva, Dominika"]
[Result "1-0"]
[WhiteElo "2226"]
[BlackElo "1884"]
[PlyCount "203"]
[EventDate "2025.01.07"]
[EventType "swiss (blitz)"]
[EventRounds "11"]
[EventCountry "USA"]
[SourceTitle "CB03_2025"]
[SourceDate "2025.01.15"]
[SourceVersion "1"]
[SourceVersionDate "2025.01.15"]
[SourceQuality "1"]

1. e4 c5 2. Nf3 d6 3. Bb5+ Bd7 4. Bxd7+ Nxd7 5. 0-0 e6 6. c3 Ngf6 7. Qe2 Be7 8. d4 cxd4 9. cxd4 0-0 10. Nc3 a6 11. Rd1 b5 12. e5 Nd5 13. Ne4 dxe5 14. dxe5 Qc7 15. Ng3 Rac8 16. Bd2 Qc2 17. h4 Qxb2 18. Qe4 Rc4 19. Qd3 Nxe5 20. Nxe5 Qxe5 21. h5 Bf6 22. Rac1 Rxc1 23. Rxc1 Qd4 24. Qc2 Nb4 25. Bxb4 Qxb4 26. h6 g6 27. Ne4 Bh8 28. Nc5 Qb2 29. Nxa6 Qxc2 30. Rxc2 Bf6 31. Rc5 b4 32. Nxb4 Ra8 33. Rc2 Bg5 34. Kf1 Bxh6 35. Ke2 Bf8 36. Nd3 Kg7 37. Ne5 Be7 38. f4 Bd6 39. Nd3 Ra4 40. g3 h5 41. Ke3 Be7 42. Ne5 Bf6 43. Nd3 Bd4+ 44. Kf3 Ra3 45. Ke2 Bf6 46. Rd2 h4 47. gxh4 Bxh4 48. Ne5 Bf6 49. Nd3 Bc3 50. Rc2 Bf6 51. Nf2 e5 52. fxe5 Bxe5 53. Ne4 Bf6 54. Nd2 Bg5 55. Nc4 Ra4 56. Kf3 Bf6 57. Ke4 Rb4 58. a3 Ra4 59. Kd5 g5 60. Kc5 Kg6 61. Kb5 Ra8 62. a4 Be7 63. Nb6 Rb8 64. a5 Rg8 65. a6 Bd8 66. Rc8 Kg7 67. a7 Bxb6 68. Rxg8+ Kxg8 69. a8Q+ Kg7 70. Kxb6 Kf6 71. Kc5 Kf5 72. Kd4 f6 73. Ke3 Kg4 74. Qf3+ Kh4 75. Qxf6 Kg4 76. Kf2 Kh4 77. Kg2 Kh5 78. Kg3 g4 79. Qf5+ Kh6 80. Kxg4 Kg7 81. Qe6 Kh8 82. Qe7 Kg8 83. Kf4 Kh8 84. Ke3 Kg8 85. Kd2 Kh8 86. Kc1 Kg8 87. Kb1 Kh8 88. Ka1 Kg8 89. Ka2 Kh8 90. Ka3 Kg8 91. Ka4 Kh8 92. Ka5 Kg8 93. Kb5 Kh8 94. Kc5 Kg8 95. Kc6 Kh8 96. Kc7 Kg8 97. Kc8 Kh8 98. Kd8 Kg8 99. Kd7 Kh8 100. Ke6 Kg8 101. Kf6 Kh8 102. Qg7# 1-0

[Event "Titled Tuesday intern op 07th Jan Early"]
[Site "Chess.com INT"]
[Date "2025.01.07"]
[Round "7"]
[White "Ivashentseva, Dominika"]
[Black "Boix Redorta, Roc"]
[Result "1-0"]
[WhiteElo "1884"]
[BlackElo "1987"]
[PlyCount "91"]
[EventDate "2025.01.07"]
[EventType "swiss (blitz)"]
[EventRounds "11"]
[EventCountry "USA"]
[SourceTitle "CB03_2025"]
[SourceDate "2025.01.15"]
[SourceVersion "1"]
[SourceVersionDate "2025.01.15"]
[SourceQuality "1"]

1. d4 e5 2. c4 exd4 3. Qxd4 Nc6 4. Qd1 Nf6 5. e3 Bc5 6. Nf3 d6 7. Nc3 Bf5 8. Bd3 Qd7 9. 0-0 0-0-0 10. a3 g5 11. b4 Bb6 12. Nd5 Nxd5 13. cxd5 Ne5 14. Nxe5 dxe5 15. Bb2 f6 16. e4 Bg6 17. Rc1 h5 18. a4 a5 19. Bb5 Qd6 20. bxa5 Bxa5 21. Qd3 Kb8 22. Ba3 Bb4 23. Bxb4 Qxb4 24. Rc4 Qd6 25. Rb1 Be8 26. Bxe8 Rhxe8 27. Rcb4 b6 28. a5 Kb7 29. axb6 cxb6 30. Qe3 Rb8 31. Rxb6+ Kc7 32. Qc1+ Kd7 33. Rxd6+ Kxd6 34. Qc6+ Ke7 35. Rxb8 Rxb8 36. Qc7+ Kf8 37. Qxb8+ Kg7 38. d6 f5 39. d7 fxe4 40. d8Q Kg6 41. Qdd6+ Kf5 42. Qbf8+ Kg4 43. h3+ Kh4 44. g3+ Kxh3 45. Qf5+ g4 46. Qxh5# 1-0

[Event "Titled Tuesday intern op 07th Jan Early"]
[Site "Chess.com INT"]
[Date "2025.01.07"]
[Round "2"]
[White "Kanyamarala, Trisha"]
[Black "Ivashentseva, Dominika"]
[Result "0-1"]
[WhiteElo "2158"]
[BlackElo "1884"]
[PlyCount "140"]
[EventDate "2025.01.07"]
[EventType "swiss (blitz)"]
[EventRounds "11"]
[EventCountry "USA"]
[SourceTitle "CB03_2025"]
[SourceDate "2025.01.15"]
[SourceVersion "1"]
[SourceVersionDate "2025.01.15"]
[SourceQuality "1"]

1. c4 e6 2. Nc3 d5 3. e3 Nf6 4. Nf3 Be7 5. b3 0-0 6. Bb2 c5 7. cxd5 exd5 8. d4 Bg4 9. Be2 cxd4 10. Nxd4 Bxe2 11. Qxe2 Nc6 12. Nf5 Qd7 13. Nxe7+ Qxe7 14. 0-0 d4 15. exd4 Qxe2 16. Nxe2 Rfe8 17. Ng3 Rad8 18. Rfd1 Ne4 19. Nf5 g6 20. Nh6+ Kg7 21. Ng4 f5 22. d5+ Kf8 23. Nf6 Nxf6 24. Bxf6 Rd6 25. dxc6 Rxf6 26. cxb7 Rb6 27. Rd7 Re7 28. Rd8+ Re8 29. Rd7 Re7 30. Rad1 Rxb7 31. Rxb7 Rxb7 32. Rd8+ Ke7 33. Rh8 Kf6 34. Kf1 Ke5 35. Rd8 Rc7 36. Ke2 Rc2+ 37. Rd2 Rc7 38. Ke3 Rc3+ 39. Ke2 Rc7 40. g3 g5 41. Kd3 h5 42. Re2+ Kf6 43. Kd4 h4 44. gxh4 gxh4 45. a4 Kg5 46. h3 Kf6 47. b4 f4 48. b5 Kf5 49. Kd5 Rc3 50. Kd6 Ra3 51. Rc2 Rxa4 52. Rc5+ Ke4 53. Rh5 Kf3 54. Rxh4 Kxf2 55. Ke5 Ke3 56. Rh7 f3 57. Rf7 f2 58. h4 Rxh4 59. Kd6 Ke2 60. Kc6 f1Q 61. Rxf1 Kxf1 62. Kb7 Rh7+ 63. Ka6 Ke2 64. b6 axb6 65. Kxb6 Kd3 66. Ka6 Kd4 67. Kb6 Kd5 68. Ka5 Rb7 69. Ka6 Rb1 70. Ka5 Kc5 0-1

[Event "Titled Tuesday intern op 10th Sep Early"]
[Site "Chess,com INT"]
[Date "2024.09.10"]
[Round "10"]
[White "Ghosh, Chanchal Kumer"]
[Black "Ivashentseva, Dominika"]
[Result "0-1"]
[WhiteElo "2025"]
[BlackElo "1947"]
[PlyCount "142"]
[EventDate "2024.09.10"]
[EventType "swiss (blitz)"]
[EventRounds "11"]
[EventCountry "USA"]
[SourceTitle "EXT 2025"]
[Source "ChessBase"]
[SourceDate "2024.10.14"]
[SourceVersion "1"]
[SourceVersionDate "2024.10.14"]
[SourceQuality "1"]

1. e4 c5 2. Nf3 d6 3. d4 cxd4 4. Nxd4 Nf6 5. Nc3 g6 6. f4 e5 7. Bb5+ Bd7 8. fxe5 dxe5 9. Nf3 Qc7 10. 0-0 Bg7 11. Bg5 Bxb5 12. Nxb5 Qc5+ 13. Kh1 Qxb5 14. Qd6 Nbd7 15. Rad1 Qc5 16. Qxc5 Nxc5 17. Nxe5 Nfxe4 18. Nxf7 0-0 19. Nh6+ Bxh6 20. Bxh6 Nf2+ 21. Kg1 Nxd1 22. Bxf8 Rxf8 23. Rxd1 Rc8 24. h4 Rc7 25. g4 Na4 26. b3 Nc3 27. Ra1 Ne2+ 28. Kf2 Rxc2 29. Ke3 Nc1 30. a4 Nxb3 31. Rb1 Nc5 32. Kd4 Nxa4 33. Rxb7 Rd2+ 34. Ke3 Rg2 35. g5 Nb6 36. Rxa7 Rg4 37. h5 gxh5 38. Rb7 Nd5+ 39. Kf3 Rxg5 40. Ke4 Nf6+ 41. Kf4 Rc5 42. Rb6 Kg7 43. Ra6 Kg6 44. Kg3 Rg5+ 45. Kh4 Rg4+ 46. Kh3 h6 47. Ra5 Rg5 48. Ra7 Rf5 49. Kh4 Rf4+ 50. Kh3 Kf5 51. Ra5+ Ke6 52. Ra6+ Kd5 53. Kg3 Rg4+ 54. Kh3 Rg6 55. Kh4 Ke5 56. Ra5+ Nd5 57. Rb5 Rg5 58. Ra5 Rf5 59. Rb5 Ke4 60. Ra5 Ne7 61. Rxf5 Nxf5+ 62. Kxh5 Kf4 63. Kg6 Kg4 64. Kf6 h5 65. Ke5 h4 66. Ke4 h3 67. Kd3 h2 68. Ke2 h1Q 69. Kf2 Qf3+ 70. Kg1 Ne3 71. Kh2 Qg2# 0-1

[Event "Titled Tuesday intern op 10th Sep Early"]
[Site "Chess,com INT"]
[Date "2024.09.10"]
[Round "11"]
[White "Ivashentseva, Dominika"]
[Black "Altynbek, Aiaru"]
[Result "1-0"]
[WhiteElo "1947"]
[BlackElo "1990"]
[PlyCount "87"]
[EventDate "2024.09.10"]
[EventType "swiss (blitz)"]
[EventRounds "11"]
[EventCountry "USA"]
[SourceTitle "EXT 2025"]
[Source "ChessBase"]
[SourceDate "2024.10.14"]
[SourceVersion "1"]
[SourceVersionDate "2024.10.14"]
[SourceQuality "1"]

1. d4 d5 2. c4 e6 3. Nc3 Be7 4. Nf3 Nf6 5. Bg5 0-0 6. e3 h6 7. Bh4 b6 8. cxd5 Nxd5 9. Bxe7 Qxe7 10. Bd3 c5 11. Nxd5 exd5 12. dxc5 bxc5 13. 0-0 Nc6 14. Bb5 Qe6 15. Bxc6 Qxc6 16. Rc1 Bg4 17. Ne5 Bxd1 18. Nxc6 Ba4 19. Ne7+ Kh7 20. Rxc5 Rab8 21. b3 Bd7 22. Nxd5 Rfd8 23. Rfc1 Be6 24. Nf4 Bd7 25. h3 g5 26. Nd5 Be6 27. Nf6+ Kg6 28. Ne4 f5 29. Rc6 Kf7 30. Rc7+ Rd7 31. Rxd7+ Bxd7 32. Rc7 fxe4 33. Rxd7+ Ke6 34. Rxa7 Rc8 35. Ra6+ Kf5 36. g4+ Ke5 37. Rxh6 Rc1+ 38. Kg2 Rc2 39. a4 Rb2 40. Rb6 Kd5 41. Rb5+ Kc6 42. Rxg5 Rxb3 43. Re5 Rb4 44. a5 1-0

[Event "Titled Tuesday intern op 10th Sep Early"]
[Site "Chess,com INT"]
[Date "2024.09.10"]
[Round "5"]
[White "Nurgaliyeva, Zarina"]
[Black "Ivashentseva, Dominika"]
[Result "1-0"]
[WhiteElo "2092"]
[BlackElo "1947"]
[PlyCount "57"]
[EventDate "2024.09.10"]
[EventType "swiss (blitz)"]
[EventRounds "11"]
[EventCountry "USA"]
[SourceTitle "EXT 2025"]
[Source "ChessBase"]
[SourceDate "2024.10.14"]
[SourceVersion "1"]
[SourceVersionDate "2024.10.14"]
[SourceQuality "1"]

1. e4 c5 2. Nf3 d6 3. Bb5+ Bd7 4. Bxd7+ Qxd7 5. c4 Nc6 6. d4 cxd4 7. Nxd4 Nf6 8. Nc3 g6 9. b3 Bg7 10. Bb2 0-0 11. 0-0 a6 12. Nxc6 Qxc6 13. Nd5 Nxd5 14. exd5 Qd7 15. Bxg7 Kxg7 16. a4 b5 17. cxb5 axb5 18. a5 Rfc8 19. Qd2 Qb7 20. Rfe1 Rc5 21. b4 Rxd5 22. Rxe7 Qb8 23. Qxd5 Qd8 24. Qxf7+ Kh6 25. Qxh7+ Kg5 26. h4+ Kf5 27. Qf7+ Kg4 28. Qxg6+ Kxh4 29. Rh7# 1-0

[Event "Titled Tuesday intern op 03rd Sep Early"]
[Site "Chess.com INT"]
[Date "2024.09.03"]
[Round "1"]
[White "Ivashentseva, Dominika"]
[Black "Dumanuly, Sultanbeibarys"]
[Result "0-1"]
[WhiteElo "1947"]
[BlackElo "2081"]
[PlyCount "78"]
[EventDate "2024.09.03"]
[EventType "swiss (blitz)"]
[EventRounds "11"]
[EventCountry "USA"]
[SourceTitle "EXT 2025"]
[Source "ChessBase"]
[SourceDate "2024.10.14"]
[SourceVersion "1"]
[SourceVersionDate "2024.10.14"]
[SourceQuality "1"]

1. d4 d5 2. c4 c6 3. Nf3 Nf6 4. Nc3 dxc4 5. a4 Bf5 6. e3 e6 7. Bxc4 Bb4 8. 0-0 0-0 9. Re1 Nbd7 10. Qb3 Qe7 11. Nd2 Bg6 12. e4 Rfd8 13. e5 Nd5 14. Bxd5 cxd5 15. Nb5 a6 16. Nc3 Rac8 17. Nf3 Nb8 18. Bd2 Nc6 19. Rec1 Na5 20. Qd1 Nc4 21. Ra2 h6 22. Ne2 Nxd2 23. Nxd2 Qg5 24. Nf3 Qg4 25. h3 Qe4 26. b3 Rxc1 27. Qxc1 Qd3 28. Qb2 Rc8 29. Nf4 Qd1+ 30. Kh2 Rc2 31. Qa1 Rc1 32. Qb2 Be4 33. Qe2 Qh1+ 34. Kg3 g5 35. Nh5 Rg1 36. Kg4 Rxg2+ 37. Ng3 Bf5+ 38. Kh5 Qxh3+ 39. Nh4 Qxh4# 0-1

[Event "Titled Tuesday intern op 03rd Sep Early"]
[Site "Chess.com INT"]
[Date "2024.09.03"]
[Round "8"]
[White "Ivashentseva, Dominika"]
[Black "Korpics, Zsolt"]
[Result "1-0"]
[WhiteElo "1947"]
[BlackElo "2300"]
[PlyCount "59"]
[EventDate "2024.09.03"]
[EventType "swiss (blitz)"]
[EventRounds "11"]
[EventCountry "USA"]
[SourceTitle "EXT 2025"]
[Source "ChessBase"]
[SourceDate "2024.10.14"]
[SourceVersion "1"]
[SourceVersionDate "2024.10.14"]
[SourceQuality "1"]

1. d4 Nf6 2. c4 e6 3. Nc3 Bb4 4. Qc2 d5 5. Bg5 h6 6. Bh4 c5 7. a3 Bxc3+ 8. Qxc3 g5 9. Bg3 Ne4 10. Qd3 Qa5+ 11. Kd1 Nc6 12. cxd5 exd5 13. dxc5 Bf5 14. Qe3 d4 15. Qc1 Nxc5 16. b4 Qa4+ 17. Ke1 Nb3 18. Qd1 Nxb4 19. e4 dxe3 20. fxe3 Rd8 21. Qf3 Nc2+ 22. Kf2 Rd2+ 23. Be2 Ncxa1 24. Qxf5 Qd7 25. Qe5+ Qe6 26. Qxh8+ Kd7 27. Qe5 Nc2 28. Qxe6+ Kxe6 29. Nf3 Rd7 30. Rb1 1-0

[Event "Titled Tuesday intern op 03rd Sep Early"]
[Site "Chess.com INT"]
[Date "2024.09.03"]
[Round "11"]
[White "Ivashentseva, Dominika"]
[Black "Krivenko, Dion"]
[Result "0-1"]
[WhiteElo "1947"]
[BlackElo "2244"]
[PlyCount "154"]
[EventDate "2024.09.03"]
[EventType "swiss (blitz)"]
[EventRounds "11"]
[EventCountry "USA"]
[SourceTitle "EXT 2025"]
[Source "ChessBase"]
[SourceDate "2024.10.14"]
[SourceVersion "1"]
[SourceVersionDate "2024.10.14"]
[SourceQuality "1"]

1. d4 g6 2. c4 Bg7 3. Nc3 c5 4. d5 Bxc3+ 5. bxc3 f5 6. Bf4 d6 7. Qc2 Nf6 8. Bh6 Kf7 9. Nf3 Qa5 10. Ng5+ Ke8 11. Bg7 Rg8 12. Bxf6 exf6 13. Nf3 Nd7 14. e3 Ne5 15. Nxe5 fxe5 16. Be2 b6 17. 0-0 Bd7 18. g3 Kf7 19. f4 e4 20. h3 h5 21. h4 Rab8 22. a4 Rge8 23. Rfb1 Red8 24. Rb2 Re8 25. Rbb1 Rec8 26. Rb2 Qa6 27. Rbb1 Rf8 28. Ra2 Ke7 29. Raa1 Qa5 30. Ra2 Rb7 31. Raa1 Rfb8 32. Ra2 a6 33. Raa1 Rc7 34. Ra2 Be8 35. Raa1 Ra7 36. Ra2 b5 37. axb5 Qb6 38. Rab2 axb5 39. cxb5 c4 40. Kf2 Rc8 41. Rb4 Ra3 42. Qd2 Rca8 43. Bxc4 Bd7 44. Qd4 Qxd4 45. cxd4 Rb8 46. b6 Rb7 47. R1b3 Ra2+ 48. Rb2 Ra3 49. Ba6 Rxa6 50. R4b3 Ra5 51. Rb4 Be8 52. R4b3 Bf7 53. Rb4 Bxd5 54. Rc2 Kd7 55. Rcb2 Ra6 56. Rb1 Bc6 57. R1b2 Bd5 58. Rb5 Ra2 59. Rxa2 Bxa2 60. Ra5 Bc4 61. Ra4 d5 62. Rb4 Kc6 63. Ra4 Rxb6 64. Ra8 Rb2+ 65. Kg1 Rb1+ 66. Kf2 Rb2+ 67. Kg1 Re2 68. Rc8+ Kb5 69. Rg8 Rxe3 70. Rxg6 Rf3 71. Rg5 e3 72. Kg2 Rf2+ 73. Kg1 Rf1+ 74. Kg2 e2 75. Rxf5 e1Q 76. Re5 Qf2+ 77. Kh3 Rh1# 0-1

[Event "Titled Tuesday intern op 27th Aug Early"]
[Site "Chess.com INT"]
[Date "2024.08.27"]
[Round "8"]
[White "Ivashentseva, Dominika"]
[Black "Kuchava, Ana"]
[Result "0-1"]
[WhiteElo "1958"]
[BlackElo "2094"]
[PlyCount "76"]
[EventDate "2024.08.27"]
[EventType "swiss (blitz)"]
[EventRounds "11"]
[EventCountry "USA"]
[SourceTitle "EXT 2025"]
[Source "ChessBase"]
[SourceDate "2024.10.14"]
[SourceVersion "1"]
[SourceVersionDate "2024.10.14"]
[SourceQuality "1"]

1. d4 d5 2. c4 e6 3. Nf3 Nf6 4. g3 Bb4+ 5. Bd2 Be7 6. Bg2 0-0 7. 0-0 c6 8. Qc2 b6 9. Ne5 Bb7 10. cxd5 cxd5 11. Nc3 Nbd7 12. Bf4 Rc8 13. Qa4 a6 14. Rac1 b5 15. Qb3 Nb6 16. a4 b4 17. Na2 a5 18. Rxc8 Qxc8 19. Rc1 Qe8 20. Nd3 Nxa4 21. Rc7 Bc6 22. Ne5 Bb5 23. Rb7 Ne4 24. Bxe4 dxe4 25. Nc4 Bxc4 26. Qxc4 Nxb2 27. Qb3 Na4 28. Rxe7 Qxe7 29. Qxa4 Ra8 30. Qc6 Qa7 31. Qxe4 b3 32. Nc3 a4 33. Qb1 Qxd4 34. Ne4 Qc4 35. Nd2 Qxe2 36. Be3 h6 37. Qe4 Qa6 38. Qb4 Rc8 0-1

[Event "Titled Tuesday intern op 27th Aug Early"]
[Site "Chess.com INT"]
[Date "2024.08.27"]
[Round "4"]
[White "Ivashentseva, Dominika"]
[Black "Preobrazhenskaya, Diana"]
[Result "0-1"]
[WhiteElo "1958"]
[BlackElo "2025"]
[PlyCount "92"]
[EventDate "2024.08.27"]
[EventType "swiss (blitz)"]
[EventRounds "11"]
[EventCountry "USA"]
[SourceTitle "EXT 2025"]
[Source "ChessBase"]
[SourceDate "2024.10.14"]
[SourceVersion "1"]
[SourceVersionDate "2024.10.14"]
[SourceQuality "1"]

1. d4 Nf6 2. c4 e6 3. Nc3 Bb4 4. Qc2 0-0 5. a3 Bxc3+ 6. Qxc3 b6 7. Bg5 h6 8. Bh4 Bb7 9. f3 d6 10. e4 c5 11. d5 Nbd7 12. dxe6 fxe6 13. 0-0-0 Ne5 14. Bg3 Qc7 15. Bxe5 dxe5 16. Bd3 Rad8 17. Ne2 Nd7 18. Bc2 Nb8 19. Rxd8 Rxd8 20. Rd1 Rxd1+ 21. Bxd1 Nc6 22. Ba4 Nd4 23. Qd2 a6 24. Nc3 Bc6 25. Bd1 b5 26. cxb5 axb5 27. Kb1 b4 28. axb4 cxb4 29. Na2 b3 30. Nb4 Ba4 31. Qc3 Qa5 32. f4 Kh7 33. h3 Qb5 34. Nd3 Qa6 35. fxe5 Bb5 36. Nb4 Qa7 37. Bxb3 Nxb3 38. Qxb3 Qg1+ 39. Ka2 Qxg2 40. Qxe6 Qxe4 41. Qd6 Bc4+ 42. Ka3 Qe3+ 43. Ka4 Qb3+ 44. Ka5 Qe3 45. Qe7 Qd2 46. Qd6 Qc1 0-1

[Event "Titled Tuesday intern op 27th Aug Early"]
[Site "Chess.com INT"]
[Date "2024.08.27"]
[Round "9"]
[White "Jimenez Salas, Maria Teresa"]
[Black "Ivashentseva, Dominika"]
[Result "1-0"]
[WhiteElo "1987"]
[BlackElo "1958"]
[PlyCount "129"]
[EventDate "2024.08.27"]
[EventType "swiss (blitz)"]
[EventRounds "11"]
[EventCountry "USA"]
[SourceTitle "EXT 2025"]
[Source "ChessBase"]
[SourceDate "2024.10.14"]
[SourceVersion "1"]
[SourceVersionDate "2024.10.14"]
[SourceQuality "1"]

1. e4 c5 2. Nf3 d6 3. d4 cxd4 4. Nxd4 Nf6 5. f3 g6 6. c4 Bg7 7. Nc3 0-0 8. Be3 b6 9. Be2 Bb7 10. 0-0 e6 11. Ndb5 d5 12. cxd5 exd5 13. exd5 Nxd5 14. Nxd5 Bxd5 15. Nc7 Qxc7 16. Qxd5 Nd7 17. Rac1 Qe5 18. Qxe5 Nxe5 19. b3 Rfe8 20. Bb5 Re7 21. Rfe1 a6 22. Bf1 b5 23. Bc5 Re6 24. f4 Nd7 25. Rxe6 fxe6 26. Be3 Nf6 27. Be2 Nd5 28. Bf3 Rd8 29. Rd1 Bf6 30. Bxd5 Rxd5 31. Rxd5 exd5 32. Kf2 Kf7 33. Ke2 Ke6 34. Kd3 Kd6 35. Bd4 Be7 36. Be5+ Kc6 37. g4 Bc5 38. f5 gxf5 39. gxf5 Kd7 40. Bd4 Bd6 41. h3 Ke7 42. Bh8 Kf7 43. Kd4 Be7 44. Kxd5 Bd8 45. Be5 Bg5 46. Kc6 Bf6 47. Bxf6 Kxf6 48. Kb6 Kxf5 49. Kxa6 Kf4 50. Kxb5 Kg3 51. a4 Kxh3 52. a5 Kg3 53. a6 h5 54. a7 h4 55. a8Q h3 56. Qh1 h2 57. Kc4 Kh3 58. b4 Kg3 59. b5 Kh3 60. b6 Kg3 61. b7 Kh3 62. b8Q Kg4 63. Qg8+ Kf5 64. Qf3+ Ke5 65. Qgd5# 1-0

[Event "Titled Tuesday intern op 06th Aug Early"]
[Site "Chess.com INT"]
[Date "2024.08.06"]
[Round "8"]
[White "Buscar, Michael"]
[Black "Ivashentseva, Dominika"]
[Result "1-0"]
[WhiteElo "2016"]
[BlackElo "1958"]
[PlyCount "69"]
[EventDate "2024.08.06"]
[EventType "swiss (blitz)"]
[EventRounds "11"]
[EventCountry "USA"]
[SourceTitle "EXT 2025"]
[Source "ChessBase"]
[SourceDate "2024.10.14"]
[SourceVersion "1"]
[SourceVersionDate "2024.10.14"]
[SourceQuality "1"]

1. d4 d5 2. c4 e6 3. Nf3 Nf6 4. g3 Be7 5. Bg2 0-0 6. 0-0 dxc4 7. Ne5 c5 8. dxc5 Qc7 9. Nxc4 Rd8 10. Qc2 Qxc5 11. Be3 Qh5 12. h3 Nd5 13. Nc3 Nxe3 14. Nxe3 Nd7 15. Rfd1 Qg6 16. Qa4 Nf8 17. Nb5 a6 18. Nc7 Rb8 19. Qb3 b5 20. Rac1 Qh5 21. g4 Qe5 22. Qc2 Rxd1+ 23. Qxd1 Bb7 24. Bxb7 Rxb7 25. Nxa6 Ra7 26. Rc6 Qxb2 27. Qb3 Qa1+ 28. Kg2 Qe5 29. Qd3 g6 30. a3 Nd7 31. Nb4 Bxb4 32. axb4 Nf6 33. Rc8+ Kg7 34. Qd8 Qe4+ 35. f3 1-0

[Event "Titled Tuesday intern op 06th Aug Early"]
[Site "Chess.com INT"]
[Date "2024.08.06"]
[Round "1"]
[White "Ivashentseva, Dominika"]
[Black "Olenik Campa, Rudi"]
[Result "1/2-1/2"]
[WhiteElo "1958"]
[BlackElo "2335"]
[PlyCount "191"]
[EventDate "2024.08.06"]
[EventType "swiss (blitz)"]
[EventRounds "11"]
[EventCountry "USA"]
[SourceTitle "EXT 2025"]
[Source "ChessBase"]
[SourceDate "2024.10.14"]
[SourceVersion "1"]
[SourceVersionDate "2024.10.14"]
[SourceQuality "1"]

1. d4 g6 2. c4 Bg7 3. Nc3 d6 4. e4 Nf6 5. Nf3 0-0 6. Be2 e5 7. 0-0 Bg4 8. dxe5 Bxf3 9. Bxf3 dxe5 10. Bg5 h6 11. Bh4 g5 12. Bg3 Nbd7 13. Nd5 c6 14. Nxf6+ Bxf6 15. Qd6 Qe7 16. Rad1 Rfd8 17. Qxe7 Bxe7 18. a3 f6 19. Bg4 Nc5 20. Bf5 Kf7 21. b4 Ne6 22. Bxe6+ Kxe6 23. f3 a5 24. Rxd8 Bxd8 25. Rb1 axb4 26. axb4 Be7 27. b5 Ra4 28. bxc6 bxc6 29. Rc1 Ba3 30. Rc2 Bc5+ 31. Kf1 Bd4 32. Bf2 Bxf2 33. Kxf2 Kd6 34. Ke2 Kc5 35. Kd3 Ra3+ 36. Rc3 Ra2 37. g3 Rxh2 38. Ra3 Rh3 39. Ra5+ Kd6 40. c5+ Ke6 41. Ra6 Rxg3 42. Rxc6+ Ke7 43. Kc4 Rxf3 44. Rc7+ Ke6 45. Rc6+ Kf7 46. Rc7+ Kg6 47. c6 g4 48. Rc8 Rf1 49. Rg8+ Kh5 50. Kd5 Rd1+ 51. Ke6 Rc1 52. Kd6 Kh4 53. c7 g3 54. c8Q Rxc8 55. Rxc8 Kh3 56. Rg8 h5 57. Ke6 h4 58. Kxf6 Kh2 59. Kxe5 h3 60. Kf4 g2 61. e5 g1Q 62. Rxg1 Kxg1 63. e6 h2 64. e7 h1Q 65. e8Q Qh2+ 66. Kg4 Qg2+ 67. Kf5 Qf3+ 68. Kg6 Qg4+ 69. Kf7 Qf5+ 70. Ke7 Kh2 71. Qh8+ Kg3 72. Qf6 Qh7+ 73. Qf7 Qh6 74. Qf6 Qe3+ 75. Qe6 Qa7+ 76. Qd7 Qa5 77. Qd6+ Kg4 78. Qe6+ Kh5 79. Qf7+ Kg5 80. Qf6+ Kg4 81. Qe6+ Kf4 82. Qf6+ Ke4 83. Qe6+ Kd4 84. Qd6+ Kc4 85. Qc6+ Kb4 86. Qd6+ Ka4 87. Qc6+ Kb3 88. Qe6+ Kc2 89. Kf6 Qd8+ 90. Qe7 Qh8+ 91. Qg7 Qh4+ 92. Qg5 Qd4+ 93. Qe5 Qc4 94. Kf5 Kd2 95. Qf4+ Qxf4+ 96. Kxf4 1/2-1/2